00625nam a2200193Ia 4500952013000000999001700130003000400147005001700151008004100168020001500209040000900224082001800233100002400251245004800275250001200323260004500335300000900380942004200389 00102ddc40708HISTORYaMESbMEScHISd2019-02-20g9.95l0o942.06 CLA/Lp8879r2019-02-20 00:00:00w2019-02-20yBKzGL38R2 c19173d19173OSt20200706101945.0190216s9999||||xx |||||||||||||| ||und|| a0198217021 coclc a942.06bCLA/L aClark, George93536 4aThe Later Stuarts 1660-1714 /cGeorge Clark a2nd Ed. bOxford University Press,aLondon:c1976. a479p cBK2ddch942.06iCLA/Lk942.06mCLA/L